| Tag |
First Indicator |
Second Indicator |
Subfields |
| LEADER |
00000cam a22000008a 4500 |
| 001 |
in00001237284 |
| 005 |
20151003062400.0 |
| 008 |
940620s1995 nyua b 001 0 eng |
| 010 |
|
|
|a 94005421
|
| 020 |
|
|
|a 1560815086 (acid-free)
|
| 035 |
|
|
|a (OCoLC)30739636
|
| 035 |
|
|
|9 AGS7585AM
|
| 040 |
|
|
|a DLC
|c DLC
|d LDL
|d TXA
|d UtOrBLW
|
| 049 |
|
|
|a TXAM
|
| 050 |
0 |
0 |
|a QD562.M54
|b I56 1995
|
| 082 |
0 |
0 |
|a 541.3/723
|2 20
|
| 245 |
0 |
0 |
|a Ion-transfer kinetics :
|b principles and applications /
|c edited by James R. Sandifer.
|
| 263 |
|
|
|a 9408
|
| 264 |
|
1 |
|a New York, N.Y. :
|b VCH,
|c [1995]
|
| 264 |
|
4 |
|c ©1995
|
| 300 |
|
|
|a x, 142 pages :
|b illustrations ;
|c 25 cm.
|
| 336 |
|
|
|a text
|b txt
|2 rdacontent
|
| 337 |
|
|
|a unmediated
|b n
|2 rdamedia
|
| 338 |
|
|
|a volume
|b nc
|2 rdacarrier
|
| 504 |
|
|
|a Includes bibliographical references and index.
|
| 650 |
|
0 |
|a Ionic mobility.
|
| 650 |
|
0 |
|a Chemical kinetics.
|
| 700 |
1 |
|
|a Sandifer, James R.
|
| 999 |
|
|
|a MARS
|
| 999 |
f |
f |
|s 2e55c320-3582-30c6-8e0a-d34690ba054c
|i 7fe9cb5d-e561-3662-bd91-185ddca590c2
|t 0
|
| 952 |
f |
f |
|p ric
|a Texas A&M University
|b Rellis Campus
|c Joint Library Facility
|s JLF
|d Remote Storage
|t 0
|e QD562.M54 I56 1995
|h Library of Congress classification
|i unmediated -- volume
|m A14819108587
|
| 998 |
f |
f |
|a QD562.M54 I56 1995
|t 0
|l Remote Storage
|